Catalog

Record Details

Catalog Search



Available copies

  • 1 of 1 copy available at LARL/NWRL Consortium.
  • 1 of 1 copy available at Northwest Regional Library. (Show preferred library)

Current holds

0 current holds with 1 total copy.

Show Only Available Copies
Location Call Number / Copy Notes Barcode Shelving Location Status Due Date
Greenbush Public Library lp C DUD (Text) 35500006816258 Main Available -

Record details

  • ISBN: 9798891642980
  • Physical Description: 527 pages (large print) ; 23 cm.
  • Edition: Center Point Large Print edition.
  • Publisher: Thorndike, Maine : Center Point Large Print, 2024.

Content descriptions

General Note:
Regular print version previously published by Wild Heart Books.
Includes author's note with background information.
Summary, etc.:
"As the son of a duke, Maxwell Oliver Weld, ... Read More
Subject: Nobility > England > Fiction.
Single mothers > Fiction.
Hotels > Employees > Fiction.
Tuberculosis > Patients > Care.
Man-woman relationships > Fiction.
Secrecy > Fiction.
Large type books.
Saint Kitts and Nevis > History > 19th century > Fiction.
Leeward Islands (Federation) > History > 19th century > Fiction.
Great Britain > History > 1800-1837 > Fiction.
Genre: Romance fiction.
Christian fiction.
Historical fiction.
Large print books.
LDR 03952nam a2200685Mi 4500
001447594
003LARL_NWRL_CONSORTIUM
00520241008112103.0
008240819t20242022meu d 000 f eng d
007tb
010 . ‡a 2024940071
040 . ‡aCPLPT ‡beng ‡erda ‡cCPLPT ‡dOCLCO
020 . ‡a9798891642980 ‡q(hardback : alk. paper)
035 . ‡a(OCoLC)1452653062
043 . ‡anwxi--- ‡anwli--- ‡ae-uk---
08204. ‡a813.6 ‡223/eng/2019
1001 . ‡aDudley, Lorri, ‡eauthor.
24514. ‡aThe marquis's pursuit / ‡cLorri Dudley.
250 . ‡aCenter Point Large Print edition.
264 1. ‡aThorndike, Maine : ‡bCenter Point Large Print, ‡c2024.
264 4. ‡c©2022
300 . ‡a527 pages (large print) ; ‡c23 cm.
336 . ‡atext ‡btxt ‡2rdacontent
337 . ‡aunmediated ‡bn ‡2rdamedia
338 . ‡avolume ‡bnc ‡2rdacarrier
340 . ‡nlarge print. ‡2rdafs
4900 . ‡aLeeward Islands ; ‡v5
500 . ‡aRegular print version previously published by Wild Heart Books.
500 . ‡aIncludes author's note with background information.
520 . ‡a"As the son of a duke, Maxwell Oliver Weld, Marquis of Daventry, is allowed entry into the finest of London's ballrooms, access to political figures, and advice from the best physicians. Yet, his wealth and contacts won't heal his friend, Charlie, who's dying from consumption. Hopeful for a miracle, Max persuades Charlie to sail across the Atlantic to stay in the Artesian Hotel on the island of Nevis and bathe in its famous healing springs. Max's optimism is washed in doubt as the truth unravels about the hotel, its hot springs, and the beautiful caretaker. The blaze of Evelyn Mairi Sheraton's fiery side has long since been snuffed out. Hunted by a vengeful man from her past, she will do whatever it takes to keep her precious secret safe, even work for the demeaning Artesian Hotel owner, Edward Rousseau. However, when a jaunty marquis and his ailing friend arrive, sparks ignite, but Evelyn fears that revealing her secrets will burn her to ash. The elusive Evelyn may tend to Charlie's well-being, but she stirs Max's protective nature. He'd like nothing more than to remove her from the wretched employment of Edward Rousseau, yet that might endanger Charlie's health even more. Refusing to give up on a miracle, Max waters her guarded heart, certain beauty will rise out of ashes. But when her secrets come to light, will love be worth the price?"-- ‡cProvided by publisher.
650 0. ‡aNobility ‡zEngland ‡vFiction. ‡0(LARL_NWRL_CONSORTIUM)173724
650 0. ‡aSingle mothers ‡vFiction. ‡0(LARL_NWRL_CONSORTIUM)167259
650 0. ‡aHotels ‡xEmployees ‡vFiction.
650 0. ‡aTuberculosis ‡xPatients ‡xCare.
650 0. ‡aMan-woman relationships ‡vFiction. ‡0(LARL_NWRL_CONSORTIUM)165985
650 0. ‡aSecrecy ‡vFiction. ‡0(LARL_NWRL_CONSORTIUM)167261
650 0. ‡aLarge type books. ‡0(LARL_NWRL_CONSORTIUM)24284
651 0. ‡aSaint Kitts and Nevis ‡xHistory ‡y19th century ‡vFiction.
651 0. ‡aLeeward Islands (Federation) ‡xHistory ‡y19th century ‡vFiction.
651 0. ‡aGreat Britain ‡xHistory ‡y1800-1837 ‡vFiction.
655 7. ‡aRomance fiction. ‡2lcgft
655 7. ‡aChristian fiction. ‡2lcgft
655 7. ‡aHistorical fiction. ‡2lcgft
655 7. ‡aLarge print books. ‡2lcgft
901 . ‡a447594 ‡bAUTOGEN ‡c447594 ‡tbiblio

Additional Resources